| 000 | 01163cam a2200277 4500 | ||
|---|---|---|---|
| 001 | E129597 | ||
| 002 | 8842 | ||
| 008 | 050504n2005 000 0 eng u | ||
| 020 | _a1842192302 | ||
| 035 | _a(Sirsi) u129597 | ||
| 041 | _aeng | ||
| 050 |
_a347.41067 _c18 |
||
| 100 | _aBaker, Ellis | ||
| 245 |
_aCase in point _bexpert witness |
||
| 260 |
_aLondon _bRICS _c2005 |
||
| 300 | _axxvii,127p. ; 21cm. | ||
| 350 | _a£24.95 | ||
| 520 | _aAims to raise awareness of the cases governing the work of expert witnesses and help property and construction surveyors act as expert witnesses in any form of dispute. It concentrates on the: - Role of the expert witness - Expert's instruction - Duties - Expertise - Potential liability. Also included is Civil Justice Council Protocol for the Instruction of Experts to give Evidence in the Civil Courts. | ||
| 590 | _aIVA300805 | ||
| 650 | _aCIVIL PROCEDURE RULES | ||
| 650 |
_aDISPUTE RESOLUTION _96236 |
||
| 650 |
_aEXPERT WITNESS _96239 |
||
| 690 | _aMANAGEMENT-DISPUTE AVOIDANCE, MANAGEMENT AND RESOLUTION-DISPUTE MANAGEMENT AND RESOLUTION-EXPERT WITNESSES | ||
| 700 | _aLavers, Anthony | ||
| 942 | _n0 | ||
| 999 |
_c104246 _d104246 |
||